000
00195 a2200097 4500
001
18620
100
_a
Niaz F
245
_a
Sahabiat
260
_a
_b
Nafees Academy
_c
1967
090
_c
13847
_d
13847
942
_a
NUST-CAE
_c
M
_c
4277
999
_c
253693
_d
253693